02097cab a2200313Ia 4500001000800000003000600008008004100014040000800055041001300063090002500076100001800101240009700119245011000216246012300326300001600449504002500465520094700490546002301437650002201460650003401482650001601516650001401532700002301546773009901569856008001668596000601748942001201754999001701766u205389SIRSI131001s2003 ua ss b eng d aEAL aengbara aART MUJAS V28 NO4 451 aGhallab, A.M.10aMansoura university journal of agricultural sciences, 2003 v. 28 (4)h[electronic resource].10aReinforcing salt tolerance of marjoram plants by foliar application of putrescineh[electronic resource].15aزيادة تحمل نباتات البردقوش للملوحة باستخدام الرش بالبتروسين.‪‪ ap.2987-3004 aIncludes references. aThe aim of the present work was to study the effectiveness foliar application of putrescine [0.0, 10, 15 and 20 f.lM] in improving the salinity tolerance of marjoram plants. Marjoram plants grown under different levels of salinity [0.0, 10, 25 and 40% of sea water]. For this reason two pot experiments were conducted during 2001 and 2002 seasons. The obtained results clearly confirmed the absolute superiority of foliar application of 10 1..1 M putrescine treatment, which significantly increased plant height, number of branches/plant, herb fresh and dry weight /plant, essential oil percentage [ml/100 g F.W] and oil yield [ml/plant] under norm~l or saline conditions up to 25% sea water. The data also revealed that tolerance, which was much pronounced as a result of foliar application of 10 llM treatment, was more negative osmotic potentials (Osmotic Adjustment) through the accumolation of much more quantities of inorganic osmotica, aSummary in Arabic. 0aMedicinal plants. 0aAromatic plantsxFertilizers. 0aPutrescine. 3amarjoram.1 aEI-Ghadban, E.A.E.0 tMansoura University Journal of Agricultural Sciences. g2003.v.28(4)x1110-03467nnaswu18219740uhttp://nile.enal.sci.eg/EALE/2003/MUJAS/2803/4/2987.pdfzFull Text Article. a1 cAR2lcc c56187d56187